State-minority contestations in post-colonial Sri Lanka /
Saved in:
| Main Author: | |
|---|---|
| Format: | Thesis Book |
| Language: | English |
| Published: |
2018.
|
| Subjects: | |
| Online Access: | http://studentsrepo.um.edu.my/12005/ |
| Tags: |
Add Tag
No Tags, Be the first to tag this record!
|
| LEADER | 01472cam a2200361 i 4500 | ||
|---|---|---|---|
| 001 | u1094449 | ||
| 003 | SIRSI | ||
| 005 | 201809121114 | ||
| 008 | 180912s2018 my a m 000 0 eng | ||
| 040 | |a UMM |d AUM |e rda | ||
| 043 | |a a-ce--- | ||
| 090 | |a JF1338 |b UMP 2018 Faz | ||
| 100 | 1 | |a Fazil, Mansoor Mohamed, |e author. | |
| 245 | 1 | 0 | |a State-minority contestations in post-colonial Sri Lanka / |c Mansoor Mohamed Fazil. |
| 264 | 1 | |c 2018. | |
| 300 | |a xx, 268 leaves : |b illustrations ; |c 30 cm. | ||
| 336 | |a text |2 rdacontent | ||
| 337 | |a unmediated |2 rdamedia | ||
| 337 | |a computer |2 rdamedia | ||
| 338 | |a volume |2 rdacarrier | ||
| 338 | |a computer disc |2 rdacarrier | ||
| 502 | |b Ph.D. |c Jabatan Pengajian Pentadbiran dan Politik, Fakulti Ekonomi dan Pentadbiran, Universiti Malaya, |d 2018. | ||
| 504 | |a Bibliography: leaves 223-252 | ||
| 530 | |a Also issued in CD. | ||
| 651 | 0 | |a Sri Lanka |x History. | |
| 651 | 0 | |a Sri Lanka |x Politics and government. | |
| 651 | 0 | |a Sri Lanka |x Ethnic relations. | |
| 710 | 2 | |a Universiti Malaya. |b Jabatan Pengajian Pentadbiran dan Politik, |e degree granting institution. | |
| 856 | 4 | 1 | |u http://studentsrepo.um.edu.my/12005/ |
| 596 | |a 1 25 | ||
| 900 | |a NSM | ||
| 999 | |a JF1338 UMP 2018 FAZ |w LC |c 1 |i A517220707 |d 27/9/2018 |f 27/9/2018 |g 1 |l STACKS |m P01UTAMA |r Y |s Y |t TESIS |u 27/9/2018 |1 AHSS |o .PUBLIC. |o .STAFF. | ||
| 999 | |a JF1338 UMP 2018 FAZ |w LC |c 1 |i A517194715 |f 20/9/2022 |g 1 |l STACKS |m P25UMARCHI |r N |s Y |t CD |u 20/9/2022 |1 AHSS |o .STAFF. MST-CD791 | ||
